000 01425nam a2200385 c 4500
003 BLK
005 20221119163815.0
008 180411b bul|||||r ||||||| ||bul||
010 _aKNG00199460000
020 _a978-954-660-648-8
_bиздат.: ПАН
040 _aBLK
041 _aBUL
_cBUL
072 7 _2bullib
_aН85
_xДетска художествена литература Н
080 _aНемска литература
_b821.112.2
_x-93-91
_z821.112.2-93-91
700 1 _aСпасов, Спас
_eхудож.
_9369723
700 1 _aХауф, Вилхелм
_e*
_9368216
139 _aДжуджето Дългоноско
_bД 52
245 1 0 _aДжуджето Дългоноско
_cхудож. Спас Спасов; * Вилхелм Хауф.
257 _aDEU
260 София
_bПАН
_c2016
300 _a10 с.
_bс цв. ил.
_c24Х22 см
380 _aDX
490 1 _aМоята първа приказка
500 _aКор. загл. - Без сведение за ориг. загл.
653 _aприказки
653 _aадаптирани книги
653 _aлитература за деца
653 _aдетска литература
659 _aН
852 _aЦб 284151
856 4 _qpdf
_u
856 4 _qpdf
_u
942 _cKNG
_n0
_09
944 _aCR
_c27.01.2017
_lф /
_kВиолета_Тройчева
944 _aED
_c11.01.2018
_lф /
_kЛюдмила_Стоянова
999 _c190325
_d190325